000 00651nam a22002297a 4500
005 20170124110030.0
010 _aB-011684
020 _c00.00
035 _aB-011684
037 _bCen Lib/Ret
040 _aDPL
_bEN
082 _a425
_bMCG
100 _aMcgregor, R.S.
_921491
245 _aOut line of hindi grammer /
_cby R.S.Mcgregor
260 _aNew Delhi
_bOxford university press
_c1995
270 _aYMCA Library building Jai Singh Road
_bNew Delhi
_e110001
300 _axIii,292p.
_c20cm(Hb)
650 _aLinguistics
_921492
650 _aHindi Language
_99446
700 _920986
942 _2ddc
_cEN
_h425
_mMCG
999 _c127769
_d127769